000 00519nam a2200169Ia 4500
003 GCL
008 140319s9999 xx 000 0 eng d
040 _aGCL /
_cGCL
082 0 4 _a696.1
_bW C
100 1 _aWOODSON, R. D.
245 1 0 _aTHE COMPLETE GUIDE TO HOME PLUMBING REPAIR AND REPLACEMENT: A PRACTICAL HANDBOOK TO (ALMOST ALWAYS) DOING IT YOURSELF /
_cWOODSON, R. D.
260 _a[S.N] :
_bBETTERWAY BOOKS ،
_c1992
650 0 4 _aPLUMBING
650 0 4 _aHOME PLUMBING
650 0 4 _aFIXTURES
942 _2ddc
_cBK
999 _c21796
_d21796